书目信息 |
| 题名: |
土壤地理学
|
|
| 作者: | 李天杰 编 | |
| 分册: | ||
| 出版信息: | 北京 人民教育出版社 1979.9 |
|
| 页数: | 312页 | |
| 开本: | 26cm | |
| 丛书名: | ||
| 单 册: | ||
| 中图分类: | S159 | |
| 科图分类: | ||
| 主题词: | 土壤地理 | |
| 电子资源: | ||
| ISBN: | ||
| 000 | 00481nam0 2200193 45 | |
| 001 | 0181011792 | |
| 005 | 20060424152236.59 | |
| 010 | @dCNY1.45 | |
| 091 | @a12012.015 | |
| 100 | @a20810111d km y0chiy0120 ea | |
| 101 | 0 | @achi |
| 200 | 1 | @a土壤地理学@Atu rang di li xue@f李天杰等编@Fli tian jie |
| 210 | @a北京@c人民教育出版社@d1979.9 | |
| 215 | @a312页@d26cm | |
| 606 | 0 | @a土壤地理 |
| 690 | @aS159@v3 | |
| 701 | 0 | @a李天杰@4编 |
| 801 | @aCN@bTSTC@c20060424 | |
| 905 | @dS159@e1 | |
| 土壤地理学/李天杰等编.-北京:人民教育出版社,1979.9 |
| 312页;26cm |
| ISBN :CNY1.45 |
| ● |
| 相关链接 |
|
|
|
|
正题名:土壤地理学
索取号:S159/1
 
预约/预借
| 序号 | 登录号 | 条形码 | 馆藏地/架位号 | 状态 | 备注 |
| 1 | 0101164 | 202281654 | 密集书库/ [索取号:S159/1] | 在馆 | |
| 2 | 0101165 | 000716675 | 第三借阅区/ [索取号:S159/1] | 在馆 | |
| 3 | 0101166 | 001948986 | 第三借阅区/ [索取号:S159/1] | 在馆 | |
| 4 | 0101167 | 001977613 | 密集书库/ [索取号:S159/1] | 在馆 | |
| 5 | 0101168 | 000716684 | 第二样本阅览室/ [索取号:S159/1] | 在馆 |